|
|
|
|
| LEADER |
01836nam a2200529 i 4500 |
| 001 |
nkc20223443187 |
| 003 |
CZ PrNK |
| 005 |
20221111090947.0 |
| 007 |
ta |
| 008 |
220822s2022 xr e 000 jacze |
| 015 |
|
|
|a cnb003443187
|
| 020 |
|
|
|a 978-80-908299-6-1
|q (vázáno)
|
| 035 |
|
|
|a (OCoLC)1350560720
|
| 040 |
|
|
|a BOA001
|b cze
|d ABA001
|e rda
|
| 041 |
1 |
|
|a cze
|h eng
|
| 043 |
|
|
|a f-sa---
|
| 045 |
|
|
|a x8y-
|
| 072 |
|
7 |
|a 791
|x Film. Cirkus. Lidová zábava
|2 Konspekt
|9 3
|
| 072 |
|
7 |
|a 929
|x Biografie
|2 Konspekt
|9 8
|
| 080 |
|
|
|a 791/792.071.2
|2 MRF
|
| 080 |
|
|
|a 929
|2 MRF
|
| 080 |
|
|
|a (680)
|2 MRF
|
| 080 |
|
|
|a (0:82-322.6)
|2 MRF
|
| 100 |
1 |
|
|a Noah, Trevor,
|d 1984-
|7 xx0270950
|4 aut
|
| 240 |
1 |
0 |
|a Born a crime.
|l Česky
|
| 245 |
1 |
0 |
|a Narozený mimo zákon :
|b příběhy z dětství v Jižní Africe /
|c Trevor Noah ; překlad Eva Děrglová
|
| 250 |
|
|
|a První vydání
|
| 264 |
|
1 |
|a Praha :
|b LearnOcto GRP s.r.o.,
|c 2022
|
| 300 |
|
|
|a 295 stran ;
|c 24 cm
|
| 336 |
|
|
|a text
|b txt
|2 rdacontent
|
| 337 |
|
|
|a bez média
|b n
|2 rdamedia
|
| 338 |
|
|
|a svazek
|b nc
|2 rdacarrier
|
| 500 |
|
|
|a Přeloženo z angličtiny
|
| 600 |
1 |
7 |
|a Noah, Trevor,
|d 1984-
|7 xx0270950
|2 czenas
|
| 648 |
|
7 |
|a 20.-21. století
|7 ch462155
|2 czenas
|
| 650 |
0 |
7 |
|a herci
|7 ph117199
|z Jihoafrická republika
|y 20.-21. století
|2 czenas
|
| 650 |
0 |
7 |
|a herci
|7 ph117199
|x dětství
|2 czenas
|
| 650 |
0 |
9 |
|a actors
|z South Africa
|y 20th-21st centuries
|2 eczenas
|
| 650 |
0 |
9 |
|a actors
|x childhood
|2 eczenas
|
| 655 |
|
7 |
|a autobiografické příběhy
|7 fd131891
|2 czenas
|
| 655 |
|
9 |
|a autobiographical stories
|2 eczenas
|
| 700 |
1 |
|
|a Děrglová, Eva
|7 xx0277267
|4 trl
|
| 910 |
2 |
|
|a BOA001
|b 2-1493.449
|
| 990 |
|
|
|a BK
|
| 995 |
|
|
|a 01
|
| 991 |
|
|
|b 202209
|c NOV
|
| 996 |
6 |
|
|b 2610915579
|c 2-1493.449
|l MZK
|r Sklad / do 1 hodiny
|n 0
|p p.v.
|w 001900370
|u 000010
|a 1
|e BOA001
|j MZK50
|s P
|